तुमSाा हात तुम्हीSा पहा (Record no. 336531)

MARC details
000 -LEADER
fixed length control field 00664nam a2200169Ia 4500
008 - FIXED-LENGTH DATA ELEMENTS--GENERAL INFORMATION
fixed length control field 090711s9999 xx 000 0 und d
082 ## - DEWEY DECIMAL CLASSIFICATION NUMBER
Item number 1556
100 ## - MAIN ENTRY--PERSONAL NAME
Personal name घाणेकर मधुसूदन
245 ## - TITLE STATEMENT
Title तुमSाा हात तुम्हीSा पहा
260 ## - PUBLICATION, DISTRIBUTION, ETC. (IMPRINT)
Name of publisher, distributor, etc इंद्रायणी साहित्य प्रकाशन
Date of publication, distribution, etc 1999
300 ## - PHYSICAL DESCRIPTION
Extent 63
600 ## - SUBJECT ADDED ENTRY--PERSONAL NAME
Personal name घाणेकर मधुसूदन
630 ## - SUBJECT ADDED ENTRY--UNIFORM TITLE
Uniform title तुमSाा हात तुम्हीSा पहा
700 ## - ADDED ENTRY--PERSONAL NAME
Personal name घाणेकर मधुसूदन
730 ## - ADDED ENTRY--UNIFORM TITLE
Uniform title तुमSाा हात तुम्हीSा पहा
942 ## - ADDED ENTRY ELEMENTS (KOHA)
Koha item type Book

No items available.